Ustrój polityczny RP w świetle Konstytucji z 1997 r. /
Sábháilte in:
| Príomhchruthaitheoir: | |
|---|---|
| Údar corparáideach: | |
| Formáid: | LEABHAR |
| Teanga: | Polainnis |
| Foilsithe / Cruthaithe: |
Warszawa :
Wolters Kluwer Polska,
2008.
|
| Eagrán: | 5. wyd. |
| Sraith: | Seria Akademicka (Wolters Kluwer Polska)
|
| Ábhair: | |
| Clibeanna: |
Níl clibeanna ann, Bí ar an gcéad duine le clib a chur leis an taifead seo!
|
MARC
| LEADER | 00000nam a2200000 i 4500 | ||
|---|---|---|---|
| 001 | 9910390023405606 | ||
| 005 | 20260515140228.0 | ||
| 008 | 080408s2008 pl f |000 0 pol | ||
| 020 | |a 9788375265736 | ||
| 035 | |a 991040996149705066 | ||
| 035 | |a (PL-WaBN)b20948141-48omnis_nlop | ||
| 035 | |a b20948141 | ||
| 035 | |a (OCoLC)833000805 | ||
| 035 | |a xx001091057 | ||
| 035 | |a (PL)b0000002094814 | ||
| 040 | |a WA N |c WA N | ||
| 080 | |a 342(438)(07) | ||
| 090 | |c 123 |d 122 | ||
| 100 | 1 | |a Skrzydło, Wiesław |d (1929-2021) | |
| 245 | 1 | 0 | |a Ustrój polityczny RP w świetle Konstytucji z 1997 r. / |c Wiesław Skrzydło. |
| 250 | |a 5. wyd. | ||
| 260 | |a Warszawa : |b Wolters Kluwer Polska, |c 2008. | ||
| 300 | |a 239, [1] s. ; |c 24 cm. | ||
| 490 | 1 | |a Seria Akademicka | |
| 504 | |a Bibliogr. s. 237-[240]. | ||
| 650 | 7 | |a Ustrój polityczny | |
| 650 | 0 | |a Constitutional law |z Poland | |
| 650 | 0 | |a Representative government and representation |z Poland | |
| 650 | 0 | |a Separation of powers |z Poland. | |
| 651 | 7 | |a Polska | |
| 651 | 0 | |a Poland |x Politics and government |y 1989- | |
| 710 | 2 | |a Wolters Kluwer Polska | |
| 830 | 0 | |a Seria Akademicka (Wolters Kluwer Polska) | |
| 920 | |a 978-83-7526-573-6 : zł 49 | ||
| 942 | |c K | ||
| 952 | |0 0 |1 0 |4 0 |6 R__106_000000000000000 |7 0 |9 115 |a RYT |b RYT |d 2026-05-13 |e 1/2014 |g 10.00 |l 0 |o R.106 |p 2000000001067 |r 2026-05-15 14:02:28 |w 2026-05-15 |y BK |z da | ||
| 999 | |c 115 |d 115 | ||